Quizzes
Events
Quiz Creation
Community
Videos
Private Events
Remove Ads
Sign In
Join for FREE
Feedback
Dark Mode
Quiz Categories
Sports
Geography
Music
Movies
Television
Just For Fun
Miscellaneous
History
Literature
Language
Science
Gaming
Entertainment
Religion
Holiday
For Kids
Quiz Lab
Recent
Popular Today
Quiz Kudos Today
Editor Picks
Curator Picks
Quizzes by...
Day
Popularity
Type
Ratings
Length
Year
Community
Subscriptions
Recent Discussions
Orange Saloon
Badges
Playlists
Quests
Create
Leaderboards
Showdown
Live 5
Trivia Bingo
Activity
Puzzle Library
Sporcle Events
Private Events
Virtual Trivia
Globe League
Become a Host
Pub Owners
SporcleCon
Opinionation
Our Games
Videos
Blog
Mobile Apps
Partnerships
Remove Ads and Go Orange
Feedback
Language
Vocabulary
Begins and Ends
Definition
Spanish
French
German
Italian
Chinese
Latin
Translation
Japanese
Language
Vocabulary
Begins and Ends
Definition
Spanish
French
German
Italian
Chinese
Latin
Translation
Japanese
Random Quiz
Search Sporcle
×
Quiz Lab
Quiz Lab
Language
Type in answers that appear in a list
Type in answers that appear in a list
Classic
Best Score? Go Orange.
What's that language? Stats
Can you name the language as shown in each example?
By
jango
5m
25 Questions
160 Plays
160 Plays
160 Plays
Comments
Comments
Give Quiz Kudos
Give Quiz Kudos
-
- Ratings
hide this ad
Forced Order
Answers have to be entered in order
Answers have to be entered in order
Random Order
Randomize order of answers
Randomize order of answers
Replay
Link that replays current quiz
Next Quiz
Link to next quiz in quiz playlist
You Got
0%
They Got
Avg Score
76%
Avg Friend Score
Upgrade to see
Score Distribution
Jump to the score distribution portion of the page
Score
0/25
Timer
05:00
0
Plays Today
Sample
Answer
% Correct
كل لغة من لغات العالم لديه كلمة واحدة من أجل السلام والمحبة.
Arabic
93.8%
Todos los idiomas del mundo tienen una palabra para la paz y el amor.
Spanish
93.8%
Tutte le lingue del mondo hanno una parola di pace e di amore.
Italian
90%
Каждый язык мира слово мира и любви.
Russian
90%
Jede Sprache der Welt hat ein Wort für Frieden und Liebe.
German
90%
世界的每一个语言都有一个和平与爱的字。
Chinese
89.4%
世界のあらゆる言語には、平和と愛のための単語を持っています。
Japanese
89.4%
세계의 모든 언어는 평화와 사랑 단어가 있습니다.
Korean
88.8%
Todas as línguas do mundo tem uma palavra de paz e amor.
Portuguese
88.1%
Κάθε γλώσσα του κόσμου έχει μια λέξη για την ειρήνη και την αγάπη.
Greek
85.6%
Varje språk i världen har ett ord för fred och kärlek.
Swedish
85%
दुनिया की हर भाषा में शांति और प्यार के लिए एक शब्द है.
Hindi
78.8%
Każdy język na świecie ma słowa o pokoju i miłości.
Polish
78.8%
Sample
Answer
% Correct
Elke taal van de wereld heeft een woord voor vrede en liefde.
Dutch
77.5%
ภาษาของโลกทุกคนมีคำว่าเพื่อความสงบสุขและความรัก
Thai
76.3%
هر زبان در جهان است یک کلمه برای صلح و عشق است.
Farsi
75%
Tất cả các ngôn ngữ trên thế giới có một từ cho hòa bình và tình yêu.
Vietnamese
74.4%
Jokainen kieli maailman on sana rauhaa ja rakkautta.
Finnish
70.6%
Кожна мова світу слово миру і любові.
Ukrainian
70.6%
Fiecare limbă din lume are un cuvânt de pace şi de iubire.
Romanian
65.6%
Každý jazyk na světě má slovo pro mír a lásku.
Czech
65%
Кожны мову свету слова міру і любові.
belarusian
55.6%
Kila lugha ya ulimwengu ni neno kwa ajili ya amani na upendo.
Swahili
51.9%
Bawat wika ng mundo ay isang salita para sa kapayapaan at pag-
ibig.
Filipino
48.8%
বিশ্বের প্রতিটি ভাষা শান্তি ও প্রেম জন্য একটি শব্দ আছে.
Bengali
48.8%
Quiz Playlist
Details
Report
Send in Message
Add To Playlist
Classic:
Type in answers that appear in a list
Forced Order:
Answers have to be entered in order
Random Order:
Randomize order of answers
Last Updated: Feb 16, 2017
Quiz Scoreboard
CHALLENGE
Sign Up to Join the Scoreboard
Show All
Scores
Hide
Comments
May contain spoilers
Recently Published
NBA Finals Game Top Scorers (2010s)
by flibbidy
Sports
5m
Guess the 'R' Things in 3 Words
by MSUKent
Miscellaneous
3m
Actor to Badly Drawn Movie III
by MoMosMoProblems
Movies
5m
More to Explore
Quiz From the Vault
Featured Blog Post
Where Does Lost Luggage Go?
hide this ad
You Might Also Like...
Tags
This quiz does not have any tags.
Today's Top Quizzes in Language
Browse Language
hide this ad
Top Contributed Quizzes in Language
1
Einsilbige Reime auf Chips
2
Linguistic Evolution! (V)
3
Trivia Jigsaw: Language
4
Guess the Word in 3 Words
5
One-Minute Crossword CCLVI
6
Here... Let me make up a word for that
7
1960s Slang
8
AP Lang. Literary Terms
9
One-Minute Crossword CCLV
10
Hiragana Speed Reading
Explore More
Trending Topics
NBA
Crossword
Kpop
Marvel
Anime
Harry Potter
Disney
Puzzle
WWE
Song
Soccer
The Office
Pokémon
Country
NFL
hide this ad
More By:
jango
Quiz
Plays
Rating
Category
Featured
Created
What's that language?
160
5.00
Language
Oct 14, 2011
Go to Creator's Profile
Score Distribution
Quiz Creator Spotlight
jango
Follow
Send a Message
Quizzes Created
-
Created Quiz Play Count
-
More By This Creator
Popular Quizzes Today
1
Find the US States - No Outlines Minefield
2
Find the US States
3
The Countries of the World
4
10 Largest US States in Order
5
Find the Countries of Europe - No Outlines Minefield
6
US States
7
Guess the 'R' Things in 3 Words
8
NBA Finals Game Top Scorers (2010s)
More Language Quizzes
Christmas Songs in Latin
Published
Trending Quizzes
First Name TV: Leading Men
Match the Book to the Film II
First Name TV: Leading Women Drama
Match the Book to the Film VI
3-Word Movies in 1 Word II
Recently Updated
Women's Final Four Teams by Year
bhenderson79
Presidents Quartet II
eogle
Anything But Clue(do)
eogle
Anything But Oceanian Capitals
eogle
Anything But 7
eogle
Anything But Thing
eogle
Word Ladder: February 29
pecheneg
Song Title Questions
pecheneg
Women's NCAA Tournament #1 Seeds
pecheneg
Celebrity Mug Shots
pecheneg
Trending Topics
Marvel
Anime
Disney
NBA
Harry Potter
Kpop
Crossword
WWE
Puzzle
Song
Country
The Office
Soccer
Pokémon
NFL
Your Account Isn't Verified!
In order to create a playlist on Sporcle, you need to verify the email address you used during registration. Go to your
Sporcle Settings
to finish the process.
Report this User
Report this user for behavior that violates our
Community Guidelines
.
Details:
Send Report
Go to the Sporcle.com Mobile Site →
Comments